000 00331 a2200145 4500
001 156336
040 _cEscola São Tomás de Aquino
100 _aMACHADO, Ana Maria
240 1 0 _aO jogo do vira- vira
_lpor
245 1 0 _aO jogo do vira- vira
300 _a33
362 0 _a2009
697 _a*LITERATURA INFANTIL
942 _cBK
999 _c156336
_d156336